000 00679nam a2200265Ia 4500
003 OSt
005 20220912152041.0
006 a|||||r|||| 00| 0
007 ta
008 220909b |||||||| |||| 00| 0 eng d
024 _a60641
037 _cTextual
040 _aCSL
_beng
_cCSL
041 _aeng
082 _aA:(R)p1,N74, L6
100 _aCohen R S
245 0 _aProceding on Boston studies in the philosophy of science
260 _c1976
300 _ap.
_ccm.
650 _aScience
700 _a Hooker C A
700 _a Michalos A C
942 _hA:(R)p1,N74, L6
_cTEXL
_2CC
999 _c80001
_d80001